[Event "TOP 12 Feminin Phase 1"]
[Site "PARIS, France"]
[Date "2025.05.09"]
[Round "2.1"]
[White "TSATSALASHVILI, Keti"]
[Black "ZATONSKIH, Anna"]
[Result "1-0"]
[WhiteElo "2296"]
[BlackElo "2312"]
[PlyCount "71"]
[EventDate "2025.05.??"]
[WhiteTeam "MONTPELLIER"]
[BlackTeam "VANDOEUVRE"]

1. d4 {9} d5 {14} 2. c4 {20} e6 {6} 3. Nf3 {13} Nf6 {20} 4. g3 {13} Be7 {70} 5.
Bg2 {26} O-O {10} 6. O-O {35} b6 {53} 7. cxd5 {58} exd5 {10} 8. Bf4 {156} Bb7 {
60} 9. Nc3 {66} Na6 {89} 10. Rc1 {34} c5 {367} 11. Ne5 {223} cxd4 {857} 12. Nb5
{190} Nc5 {1103} 13. Nxd4 {73} Bd6 {821} 14. b4 {1077} Ne6 {906} 15. Nec6 {211}
Bxc6 {349} 16. Nxc6 {163} Qd7 {5} 17. Bxd6 {19} Qxd6 {4} 18. e4 {66} Nd7 {555}
19. Qxd5 {118} Qxd5 {11} 20. exd5 {1} Nd8 {13} 21. Ne7+ {121} Kh8 {2} 22. d6 {
29} Rb8 {4} 23. Rc7 {117} Ne5 {91} 24. b5 {414} Ne6 {64} 25. Rxa7 {32} Rbd8 {18
} 26. Rd1 {49} Rd7 {53} 27. Rxd7 {219} Nxd7 {4} 28. Bc6 {20} Nec5 {111} 29.
Bxd7 {171} Nxd7 {2} 30. Rc1 {13} Nc5 {149} 31. Nd5 {55} Nd7 {56} 32. Rc7 {14}
Rd8 {2} 33. Ne7 {74} Nf8 {60} 34. Nc6 {58} Rxd6 {19} 35. Rc8 {6} Kg8 {3} 36.
Ne7+ {5} 1-0

[Event "TOP 12 Feminin Phase 1"]
[Site "PARIS, France"]
[Date "2025.05.09"]
[Round "2.2"]
[White "SAVINA, Anastasia"]
[Black "GADARINIAN, Caroline"]
[Result "1-0"]
[WhiteElo "2332"]
[BlackElo "2011"]
[PlyCount "87"]
[EventDate "2025.05.??"]
[WhiteTeam "VANDOEUVRE"]
[BlackTeam "MONTPELLIER"]

1. d4 {61} Nf6 {9} 2. c4 {16} e6 {5} 3. Nf3 {117} d5 {31} 4. Bg5 {96} h6 {45}
5. Bxf6 {79} Qxf6 {8} 6. e3 {51} Nd7 {968} 7. Nc3 {90} Bb4 {160} 8. Rc1 {583}
O-O {344} 9. Be2 {101} dxc4 {298} 10. O-O {149} Bxc3 {138} 11. Rxc3 {162} e5 {
622} 12. Rxc4 {984} exd4 {75} 13. Rxd4 {261} Ne5 {317} 14. Nxe5 {861} Qxe5 {6}
15. Qd2 {91} Re8 {601} 16. f4 {431} Qxe3+ {691} 17. Qxe3 {17} Rxe3 {4} 18. Rd8+
{32} Kh7 {4} 19. Bd3+ {736} Rxd3 {238} 20. Rxd3 {5} Be6 {24} 21. b3 {193} c6 {
78} 22. f5 {98} Bd5 {7} 23. Re1 {11} b5 {346} 24. Rde3 {275} a5 {65} 25. Re8 {
93} Rxe8 {538} 26. Rxe8 {4} a4 {15} 27. bxa4 {15} bxa4 {4} 28. a3 {11} h5 {65}
29. Kf2 {98} g6 {50} 30. fxg6+ {167} Kxg6 {5} 31. Ra8 {23} Bb3 {71} 32. Ra6 {23
} Kg5 {81} 33. Rxc6 {17} f5 {274} 34. Rc5 {58} h4 {49} 35. Ke3 {57} Kg4 {113}
36. Rc7 {26} Kg5 {48} 37. Kd4 {26} Kf4 {58} 38. Rh7 {23} Kg5 {24} 39. Ke5 {19}
Bc2 {17} 40. Rg7+ {74} Kh6 {10} 41. Kf6 {47} Be4 {45} 42. Rg8 {21} f4 {60} 43.
Rh8+ {26} Bh7 {5} 44. h3 {11} 1-0

[Event "TOP 12 Feminin Phase 1"]
[Site "PARIS, France"]
[Date "2025.05.09"]
[Round "2.3"]
[White "FERNANDEZ, Laura"]
[Black "THOMAS, Anysia"]
[Result "0-1"]
[WhiteElo "1997"]
[BlackElo "2144"]
[PlyCount "50"]
[EventDate "2025.05.??"]
[WhiteTeam "MONTPELLIER"]
[BlackTeam "VANDOEUVRE"]

1. e4 {3} c5 {21} 2. Nf3 {48} Nc6 {10} 3. d4 {23} cxd4 {5} 4. Nxd4 {5} g6 {10}
5. Be3 {147} Nf6 {123} 6. Nc3 {41} Bg7 {15} 7. Bc4 {142} O-O {17} 8. f3 {62}
Qb6 {118} 9. Bb3 {1005} Nxe4 {442} 10. Nd5 {163} Qa5+ {16} 11. c3 {13} Nc5 {405
} 12. Nxc6 {317} dxc6 {14} 13. Nxe7+ {138} Kh8 {7} 14. O-O {136} Nxb3 {210} 15.
Nxc8 {472} Nxa1 {263} 16. Nd6 {33} Rad8 {160} 17. b4 {502} Qxa2 {297} 18. Qxa1
{529} Qxa1 {19} 19. Rxa1 {14} Rxd6 {5} 20. Bc5 {9} Rfd8 {106} 21. Bxd6 {22}
Rxd6 {46} 22. Rxa7 {44} Bxc3 {21} 23. Rxb7 {19} Kg7 {68} 24. Kf2 {76} Rd2+ {95}
25. Kg3 {50} Rd4 {252} 0-1

[Event "TOP 12 Feminin Phase 1"]
[Site "PARIS, France"]
[Date "2025.05.09"]
[Round "2.4"]
[White "BLANQUET, Camille"]
[Black "LAVILLEDIEU, Lily-Mei"]
[Result "1-0"]
[WhiteElo "2073"]
[BlackElo "1859"]
[PlyCount "79"]
[EventDate "2025.05.??"]
[WhiteTeam "VANDOEUVRE"]
[BlackTeam "MONTPELLIER"]

1. d4 {9} d5 {9} 2. c4 {8} e6 {8} 3. Nf3 {13} c6 {12} 4. Qc2 {27} Nf6 {19} 5.
Nbd2 {140} Nbd7 {63} 6. g3 {110} Bd6 {56} 7. Bg2 {181} O-O {89} 8. e4 {113}
dxe4 {172} 9. Nxe4 {28} Nxe4 {299} 10. Qxe4 {5} Bb4+ {292} 11. Bd2 {214} Bxd2+
{359} 12. Nxd2 {6} e5 {33} 13. O-O {424} exd4 {182} 14. Qxd4 {34} Nf6 {175} 15.
Qf4 {238} Nh5 {850} 16. Qe3 {70} Re8 {76} 17. Qc3 {331} Qf6 {330} 18. Rfe1 {193
} Rxe1+ 19. Rxe1 {916} Be6 {29} 20. Qb4 {219} Rd8 {519} 21. Ne4 {144} Qd4 {294}
22. b3 {556} Bc8 {467} 23. Qe7 {345} Nf6 {544} 24. Nxf6+ {236} gxf6 {3} 25. h4
{85} Kg7 {180} 26. Qc7 {180} Qd6 {96} 27. Re7 {233} Rd7 {45} 28. Qxd6 {187}
Rxd6 {2} 29. Rc7 {17} Rd8 {7} 30. Bf3 {30} Kg6 {116} 31. Kg2 {9} f5 {14} 32. b4
{117} a6 {56} 33. a4 {90} Kf6 {37} 34. b5 {70} axb5 {55} 35. cxb5 {35} Bd7 {29}
36. Rxb7 {156} cxb5 {21} 37. a5 {74} Be8 {44} 38. a6 {22} Rd6 {32} 39. a7 {21}
Ra6 {28} 40. Rc7 {40} 1-0

[Event "TOP 12 Feminin Phase 1"]
[Site "PARIS, France"]
[Date "2025.05.09"]
[Round "2.5"]
[White "COSMA, Elena-Luminata"]
[Black "SEBAG, Marie"]
[Result "1/2-1/2"]
[WhiteElo "2227"]
[BlackElo "2448"]
[PlyCount "40"]
[EventDate "2025.05.??"]
[WhiteTeam "SAINT QUENTIN"]
[BlackTeam "CHALONS EN CHAMPAGNE"]

1. Nf3 {3} d5 {6} 2. d4 {7} Nf6 {52} 3. c4 {9} c6 {12} 4. cxd5 {14} cxd5 {11}
5. Nc3 {8} Nc6 {28} 6. Bf4 {10} Bf5 {140} 7. e3 {167} e6 {67} 8. Bd3 {41} Bxd3
{105} 9. Qxd3 {6} Bd6 {28} 10. Bxd6 {20} Qxd6 {7} 11. O-O {5} O-O {11} 12. Rac1
{323} Rac8 {307} 13. h3 {133} h6 {374} 14. Rfd1 {877} Rfd8 {137} 15. Qe2 {256}
Na5 {1003} 16. Ne5 {224} Nc4 {101} 17. Nd3 {58} Qe7 {827} 18. b3 {406} Nd6 {166
} 19. Qb2 {65} Rc7 {223} 20. Ne2 {266} Rdc8 {60} 1/2-1/2

[Event "TOP 12 Feminin Phase 1"]
[Site "PARIS, France"]
[Date "2025.05.09"]
[Round "2.6"]
[White "MORACCHINI, Margaux"]
[Black "MONPEURT, Cyrielle"]
[Result "1/2-1/2"]
[WhiteElo "2019"]
[BlackElo "2130"]
[PlyCount "69"]
[EventDate "2025.05.??"]
[WhiteTeam "CHALONS EN CHAMPAGNE"]
[BlackTeam "SAINT QUENTIN"]

1. e4 {2} e5 {13} 2. Nf3 {17} Nc6 {6} 3. d4 {17} exd4 {20} 4. Nxd4 {27} Bc5 {21
} 5. Nb3 {70} Bb6 {16} 6. Nc3 {47} Nf6 {43} 7. Qe2 {123} d6 {173} 8. Bg5 {84}
h6 {69} 9. Bh4 {442} g5 {145} 10. Bg3 {6} Bg4 {9} 11. f3 {146} Be6 {77} 12.
O-O-O {580} Qe7 {336} 13. Kb1 {406} O-O-O {185} 14. Nd5 {287} Bxd5 {112} 15.
exd5 {6} Qxe2 16. Bxe2 {54} Ne7 {36} 17. c4 {175} Nh5 {363} 18. Bd3 {532} Nxg3
{885} 19. hxg3 {5} Rde8 {6} 20. Kc2 {767} Kd8 {726} 21. Rh3 {528} Ng8 {917} 22.
g4 {379} Be3 {174} 23. Na5 {203} Kc8 {5} 24. Bf5+ {38} Kb8 {7} 25. Re1 {111}
Re5 {233} 26. Kd3 {161} Bf4 {11} 27. Rxe5 {47} Bxe5 {6} 28. b4 {36} Ne7 {40}
29. Be4 {129} h5 {151} 30. Nb3 {77} h4 {273} 31. Rh1 {30} Kc8 {558} 32. Nd2 {
110} Bf4 {131} 33. Nb3 {72} Be5 {27} 34. Nd2 {33} Bf4 {12} 35. Nb3 {20} 1/2-1/2

[Event "TOP 12 Feminin Phase 1"]
[Site "PARIS, France"]
[Date "2025.05.09"]
[Round "2.7"]
[White "STERPU, Constanta-Andreea"]
[Black "PARTAC, Elena"]
[Result "0-1"]
[WhiteElo "1970"]
[BlackElo "2059"]
[PlyCount "74"]
[EventDate "2025.05.??"]
[WhiteTeam "SAINT QUENTIN"]
[BlackTeam "CHALONS EN CHAMPAGNE"]

1. d4 {6} Nf6 {26} 2. Nf3 {10} e6 {8} 3. e3 {13} b6 {55} 4. Bd3 {17} Bb7 {6} 5.
O-O {36} Be7 {228} 6. c4 {60} c5 {27} 7. Nc3 {122} cxd4 {551} 8. exd4 {12} d6 {
64} 9. d5 {385} e5 {68} 10. Bf5 {1579} O-O {90} 11. Ng5 {407} h6 {1727} 12.
Nxf7 {657} Rxf7 {1167} 13. Be6 {6} Bc8 {3} 14. Bxf7+ {10} Kxf7 {5} 15. f4 {419}
e4 {899} 16. h3 {531} h5 {635} 17. f5 {293} Ba6 {96} 18. Qd4 {338} Qc8 {138}
19. b3 {221} Qc5 {18} 20. Be3 {26} Qxd4 {27} 21. Bxd4 {5} Nbd7 {59} 22. Rae1 {
15} Nc5 {92} 23. Bxc5 {583} bxc5 {2} 24. Rf4 {96} Rh8 {113} 25. g3 {111} Bc8 {
38} 26. Kg2 {18} Rh7 {34} 27. Nb5 {78} a6 {10} 28. Nc7 {65} Bd8 {46} 29. Ne6 {
10} Bxe6 {19} 30. fxe6+ {16} Ke8 {48} 31. Ref1 {54} Ba5 {29} 32. g4 {84} hxg4 {
11} 33. hxg4 {18} Rh4 {41} 34. Kg3 {38} Rh8 {40} 35. Rf5 {43} Bc3 {32} 36. Re1
{83} Bxe1+ {2} 37. Kf4 {22} Rh4 {46} 0-1

[Event "TOP 12 Feminin Phase 1"]
[Site "PARIS, France"]
[Date "2025.05.09"]
[Round "2.8"]
[White "MARTOIAN, Seda"]
[Black "MILOJEVIC-DAIM, Lola-Shaina"]
[Result "0-1"]
[WhiteElo "1729"]
[BlackElo "1933"]
[PlyCount "131"]
[EventDate "2025.05.??"]
[WhiteTeam "CHALONS EN CHAMPAGNE"]
[BlackTeam "SAINT QUENTIN"]

1. e4 {3} c6 {9} 2. d4 {20} d5 {9} 3. exd5 {205} cxd5 {14} 4. Bd3 {193} Nc6 {38
} 5. c3 {79} Nf6 {184} 6. h3 {228} e6 {85} 7. Bf4 {205} Bd6 {83} 8. Bxd6 {50}
Qxd6 {10} 9. Nf3 {57} O-O {332} 10. O-O {112} Bd7 {763} 11. Re1 {151} a6 {498}
12. Ne5 {220} b5 {314} 13. a3 {478} Na5 {381} 14. b4 {1745} Nb7 {856} 15. Nd2 {
169} Rac8 {257} 16. Rc1 {46} Qe7 {318} 17. Nb3 {145} Bc6 {693} 18. Bb1 {150}
Nd7 {424} 19. Qd3 {227} g6 {54} 20. Nxd7 {350} Qxd7 {59} 21. Re2 {75} Qc7 {354}
22. Rce1 {346} Bd7 {35} 23. Nc5 {68} Nxc5 {18} 24. dxc5 {13} Rce8 {69} 25. Qd4
{76} f6 {125} 26. f4 {18} Re7 {101} 27. Ba2 {27} Rfe8 {67} 28. Bxd5 {47} Kg7 {
73} 29. Ba2 {36} Bc8 {17} 30. c4 {44} Rd8 {25} 31. Qf2 {7} Rd3 {65} 32. cxb5 {
134} axb5 {2} 33. Re3 {115} Rxe3 {43} 34. Rxe3 {11} e5 {35} 35. fxe5 {34} Rxe5
{21} 36. Qe2 {92} Bd7 {49} 37. Rxe5 {56} fxe5 {3} 38. Qe4 {59} Bf5 {36} 39. Qd5
{28} Kh6 {53} 40. Bb3 {251} Qa7 {27} 41. Qxe5 {34} Qxa3 {10} 42. Qf4+ {11} Kg7
{7} 43. Bd5 {49} Qd3 {56} 44. Bf3 {52} Qc4 {51} 45. Qxc4 bxc4 {117} 46. Kf2 {23
} Kf6 {59} 47. Ke3 {17} c3 {11} 48. b5 {85} Ke7 {11} 49. b6 {48} Kd8 {27} 50.
g4 {29} Bb1 {22} 51. Be2 {18} h6 {74} 52. Bd3 {10} c2 {5} 53. Kd2 {54} c1=Q+ {3
} 54. Kxc1 {8} Bxd3 {3} 55. Kd2 {16} Bf1 {15} 56. h4 {9} Kd7 {51} 57. Ke3 {15}
Bg2 {39} 58. g5 {36} h5 {28} 59. Kd4 {9} Ke6 {29} 60. Kc4 {41} Bc6 {11} 61. Kd4
{43} Kf5 {17} 62. b7 {51} Bxb7 {6} 63. Ke3 {15} Kg4 {6} 64. Kd4 {13} Kxh4 {6}
65. Ke5 {6} Kxg5 {9} 66. Kd4 {10} 0-1

[Event "TOP 12 Feminin Phase 1"]
[Site "PARIS, France"]
[Date "2025.05.09"]
[Round "2.9"]
[White "BATSIASHVILI, Nino"]
[Black "CRAMLING, Pia"]
[Result "1/2-1/2"]
[WhiteElo "2455"]
[BlackElo "2401"]
[PlyCount "71"]
[EventDate "2025.05.??"]
[WhiteTeam "JUVISY"]
[BlackTeam "MONACO"]

1. c4 {3} c5 {76} 2. Nf3 {59} Nf6 {27} 3. Nc3 {22} Nc6 {36} 4. d4 {198} cxd4 {
16} 5. Nxd4 {4} e6 {27} 6. g3 {90} Bc5 {975} 7. Nb3 {501} Bb4 {230} 8. Bg2 {5}
d5 {19} 9. cxd5 {848} Nxd5 {61} 10. a3 {68} Bxc3+ {349} 11. bxc3 {6} O-O {35}
12. O-O {323} Qc7 {219} 13. c4 {24} Nde7 {45} 14. Bb2 {309} Rd8 {262} 15. Qc2 {
6} e5 {172} 16. Be4 {45} h6 {237} 17. Rfd1 {58} Bh3 {58} 18. Qc3 {693} Rxd1+ {
273} 19. Rxd1 Rd8 {21} 20. Rxd8+ {163} Qxd8 {12} 21. Qd3 {3} Qxd3 22. exd3 {506
} Bf5 {48} 23. f3 {32} Bxe4 {502} 24. fxe4 {1} f6 {111} 25. Kf2 {20} h5 {25}
26. a4 {224} Kf7 {220} 27. a5 {334} Ng6 {210} 28. Bc3 {43} Nf8 {231} 29. Nc5 {
182} Nd8 {24} 30. a6 {63} b6 {55} 31. Nb7 {264} Nc6 {36} 32. Nd6+ {340} Ke6 {
149} 33. Ne8 {12} Kf7 {15} 34. Nd6+ {2} Ke6 {6} 35. Ne8 {23} Kf7 {12} 36. Nd6+
{41} 1/2-1/2

[Event "TOP 12 Feminin Phase 1"]
[Site "PARIS, France"]
[Date "2025.05.09"]
[Round "2.10"]
[White "SKRIPCHENKO, Almira"]
[Black "GRIMAULT, Leane"]
[Result "0-1"]
[WhiteElo "2365"]
[BlackElo "1988"]
[PlyCount "184"]
[EventDate "2025.05.??"]
[WhiteTeam "MONACO"]
[BlackTeam "JUVISY"]

1. Nf3 {41} d5 {21} 2. e3 {146} Nf6 {219} 3. c4 {32} e6 {204} 4. b3 {30} c5 {
157} 5. Bb2 {33} Nc6 {44} 6. d3 {441} b6 {255} 7. Be2 {125} Bb7 {197} 8. O-O {
64} Be7 {56} 9. Nbd2 {242} O-O {78} 10. Rc1 {36} Rc8 {404} 11. a3 {184} Ne8 {
459} 12. d4 {476} cxd4 {184} 13. exd4 {48} Bf6 {69} 14. c5 {1099} bxc5 {305}
15. Rxc5 {44} Nd6 {80} 16. b4 {29} Be7 {184} 17. Qa1 {414} Nf5 {480} 18. Rcc1 {
291} Qb6 {293} 19. Bc3 {193} Rfd8 {329} 20. Bd3 {535} Nd6 {279} 21. Qb1 {32} h6
{83} 22. a4 {457} a6 {439} 23. a5 {31} Qa7 {70} 24. Nb3 {17} Ne4 {236} 25. Nc5
{106} Nxc3 {74} 26. Rxc3 {19} Bf6 {15} 27. Bh7+ {120} Kh8 {83} 28. Rd1 {4} Rb8
{259} 29. Bc2 {96} Bc8 {326} 30. Rb3 {17} Qc7 {24} 31. h3 {264} e5 {180} 32.
dxe5 {27} Nxe5 {4} 33. Nxe5 {12} Bxe5 {16} 34. Bf5 {155} Qc6 {97} 35. Bxc8 {45}
Rbxc8 {5} 36. Qd3 {108} Rd6 {53} 37. Qf5 {155} Bf6 {19} 38. Rbd3 {62} Rcd8 {30}
39. Qf3 {51} Qa8 {112} 40. Qe2 {88} Qb8 {65} 41. Qd2 {60} Be7 {82} 42. Qe2 {70}
Qxb4 {64} 43. Qxe7 {159} Qxc5 {4} 44. Rf3 {8} Qc2 {35} 45. Rdd3 {14} R6d7 {25}
46. Qe5 {44} Qb1+ {46} 47. Kh2 {5} Qb8 {9} 48. Rf5 {17} Qxe5+ {52} 49. Rxe5 {5}
g6 {5} 50. f4 {39} Kg7 {23} 51. Kg3 {26} d4 {64} 52. Re1 {110} Rd5 {20} 53. Ra1
{6} Kf6 {73} 54. Kf3 {5} Ke7 {26} 55. Ra4 {40} R8d6 {19} 56. Ke4 {53} f5+ {14}
57. Kf3 {3} Kd7 {13} 58. Ra1 {81} Kc6 {29} 59. Rb3 {34} Rc5 {50} 60. Rb6+ {36}
Kd5 {9} 61. Re1 {27} Rc3+ {43} 62. Kf2 {7} Rxb6 {18} 63. axb6 {56} Rb3 {13} 64.
Re5+ {12} Kc4 {6} 65. Re6 {17} Kd5 {83} 66. Rxg6 {39} a5 {42} 67. Rf6 {43} Ke4
{13} 68. Re6+ {26} Kxf4 {40} 69. b7 {43} Rb2+ {22} 70. Re2 {15} Rxb7 {16} 71.
g3+ {6} Kg5 {6} 72. Re5 {16} Rb2+ {57} 73. Kf3 {5} Rb3+ {5} 74. Kf2 {3} a4 {41}
75. Rd5 {64} Rb4 {104} 76. Ra5 {98} Kf6 {15} 77. Kf3 {8} Rb3+ {32} 78. Kf4 {7}
a3 {22} 79. Ra6+ {23} Ke7 {24} 80. Rxh6 {63} a2 {34} 81. Ra6 {20} Rb2 {15} 82.
h4 {60} d3 {40} 83. Ke3 {19} d2 {12} 84. Ra7+ {13} Ke6 {37} 85. Ra6+ {6} Kd5 {
16} 86. Ra8 {74} Kc4 {79} 87. Ke2 {31} d1=Q+ {25} 88. Kxd1 {6} Rb1+ {2} 89. Ke2
{13} a1=Q {7} 90. Rxa1 {4} Rxa1 {4} 91. Kf3 {16} Kd5 {31} 92. Kf4 {22} Ke6 {7}
0-1

[Event "TOP 12 Feminin Phase 1"]
[Site "PARIS, France"]
[Date "2025.05.09"]
[Round "2.11"]
[White "AUVRAY , Honorine"]
[Black "BELENKAYA, Dina"]
[Result "0-1"]
[WhiteElo "2008"]
[BlackElo "2240"]
[PlyCount "136"]
[EventDate "2025.05.??"]
[WhiteTeam "JUVISY"]
[BlackTeam "MONACO"]

1. c4 {8} e5 {9} 2. Nc3 {16} Bb4 {11} 3. Nd5 {13} a5 {15} 4. Nf3 {105} d6 {87}
5. g3 {61} Nf6 {309} 6. Bg2 {215} c6 {344} 7. Ne3 {134} O-O {114} 8. O-O {44}
e4 {321} 9. Nd4 {909} Bc5 {235} 10. Ndc2 {107} d5 {223} 11. d4 {276} Ba7 {166}
12. b3 {335} b5 {101} 13. Bb2 {675} Na6 {371} 14. Qd2 {198} Be6 {199} 15. c5 {
530} Bb8 {120} 16. a3 {251} h5 {150} 17. Bc3 {367} Bc7 {87} 18. f4 {515} exf3 {
233} 19. exf3 {60} h4 {104} 20. g4 {54} Qb8 {182} 21. Bh1 {260} Nh7 {54} 22.
Qf2 {62} g5 {136} 23. Rfe1 {108} Re8 {108} 24. Nf1 {38} Nf8 {77} 25. Bd2 {108}
f6 {65} 26. f4 {301} Bxf4 {45} 27. Bxf4 {6} Qxf4 {19} 28. Qxf4 {7} gxf4 {2} 29.
h3 {33} Nh7 {235} 30. Nh2 {80} Ng5 {57} 31. Bg2 {21} Bf7 {267} 32. Rxe8+ {61}
Rxe8 {40} 33. Re1 {13} Nc7 {107} 34. Rxe8+ {68} Bxe8 {26} 35. Ne1 {39} Nce6 {95
} 36. Nhf3 {42} Nxf3+ {478} 37. Nxf3 {5} Bg6 {48} 38. Nxh4 {243} Bc2 {34} 39.
b4 {105} axb4 {27} 40. axb4 {1} Nxd4 {12} 41. Kf2 {22} Be4 {415} 42. Nf3 {124}
Nc2 {78} 43. Nd2 {32} Bxg2 {95} 44. Kxg2 {1} Nxb4 {12} 45. Kf3 {12} Nd3 {51}
46. Nb3 {8} b4 {67} 47. Ke2 {82} Ne5 {21} 48. Nd4 {49} Kf7 {14} 49. h4 {23}
Nxg4 {160} 50. Kf3 {21} Ne5+ {48} 51. Kxf4 {8} Nd3+ {61} 52. Ke3 {13} Nxc5 {26}
53. Nxc6 {6} b3 {8} 54. Kd2 {19} f5 {114} 55. Nb4 {78} d4 {36} 56. Nc6 {27}
Ne4+ {131} 57. Kc1 {81} Nc5 {198} 58. Nxd4 {27} f4 {32} 59. Kd2 {30} Kg6 {19}
60. Ne2 {24} Ne4+ {66} 61. Kc1 {41} f3 {9} 62. Nf4+ {9} Kf5 {8} 63. Nd3 {11}
Nc5 {90} 64. Nf2 {5} Kf4 {8} 65. Kb2 {70} Kg3 {51} 66. h5 {9} Kxf2 {44} 67. h6
{5} Nd3+ {8} 68. Kxb3 {8} Ne5 {5} 0-1

[Event "TOP 12 Feminin Phase 1"]
[Site "PARIS, France"]
[Date "2025.05.09"]
[Round "2.12"]
[White "DORNBUSCH, Tatiana"]
[Black "AUBERT, Estee"]
[Result "1-0"]
[WhiteElo "2250"]
[BlackElo "1966"]
[PlyCount "102"]
[EventDate "2025.05.??"]
[WhiteTeam "MONACO"]
[BlackTeam "JUVISY"]

1. d4 {15} d5 {5} 2. c4 {50} dxc4 {11} 3. Nf3 {10} Nf6 {6} 4. e3 {8} a6 {13} 5.
Bxc4 {50} b5 {10} 6. Bd3 {252} Bb7 {12} 7. a4 {542} Nbd7 {225} 8. axb5 {213}
axb5 {5} 9. Rxa8 {23} Qxa8 {4} 10. Bxb5 {69} e6 {27} 11. O-O {359} Be7 {216}
12. Nbd2 {297} O-O {225} 13. b3 {48} c6 {22} 14. Be2 {160} c5 {21} 15. Bb2 {76}
Bd5 {234} 16. Qc2 {139} Qb7 {326} 17. Rb1 {415} Rc8 {349} 18. Qd1 {522} Ne4 {
1013} 19. Nxe4 {459} Bxe4 {199} 20. Bd3 cxd4 {167} 21. Bxe4 {239} Qxe4 {4} 22.
Bxd4 {39} Rb8 {165} 23. h3 {72} Nc5 {70} 24. Bxc5 {641} Bxc5 {6} 25. Rc1 {21}
Qb4 {397} 26. Ne5 {136} Qb5 {231} 27. Nd7 {282} Ba3 {863} 28. Nxb8 {117} Qxb8 {
8} 29. Rb1 {110} Bb4 {47} 30. Qd7 {5} g6 {323} 31. Rc1 {24} Qe5 {139} 32. Rc8+
{61} Kg7 {4} 33. Qd4 {28} Qxd4 {82} 34. exd4 {5} Kf6 {56} 35. Rc7 {20} Bd6 {36}
36. Rd7 {19} Bb4 {76} 37. Kf1 {4} h5 {54} 38. Ke2 {4} g5 {234} 39. Rb7 {137}
Bd6 {23} 40. b4 {5} Kf5 {252} 41. Rxf7+ {36} Ke4 {4} 42. b5 {7} Kxd4 {13} 43.
b6 {23} Kc5 {14} 44. b7 {6} Kb6 {23} 45. Rg7 {35} g4 {21} 46. h4 {23} Bc7 {72}
47. Rh7 {38} Kxb7 {23} 48. Rxh5 {2} g3 {12} 49. Rh7 {25} gxf2 {15} 50. Kxf2 {3}
Kc6 {8} 51. Rxc7+ {17} Kd5 {11} 1-0

[Event "TOP 12 Feminin Phase 1"]
[Site "PARIS, France"]
[Date "2025.05.10"]
[Round "3.1"]
[White "CRAMLING, Pia"]
[Black "TSATSALASHVILI, Keti"]
[Result "1/2-1/2"]
[WhiteElo "2401"]
[BlackElo "2296"]
[PlyCount "103"]
[EventDate "2025.05.??"]
[WhiteTeam "MONACO"]
[BlackTeam "MONTPELLIER"]
[WhiteTeamCountry "FRA"]
[BlackTeamCountry "FRA"]

1. c4 {214} e6 {13} 2. Nc3 {16} d5 {13} 3. d4 {53} Be7 {18} 4. Nf3 {38} Nf6 {18
} 5. Bg5 {20} dxc4 {271} 6. e4 {470} h6 {284} 7. Bxf6 {348} Bxf6 {21} 8. e5 {
285} Be7 {30} 9. Bxc4 {10} Nd7 {246} 10. O-O {258} Nb6 {19} 11. Bb3 {10} Bd7 {
224} 12. d5 {261} exd5 {204} 13. Nxd5 {7} O-O {166} 14. Nf4 {642} Bg5 {1703}
15. Ng6 {883} Re8 {43} 16. h4 {25} Be7 {31} 17. Qc2 {637} Qc8 {81} 18. Rac1 {
220} Bf5 {114} 19. Nxe7+ {6} Rxe7 {3} 20. Qc5 {9} Qe8 {87} 21. Rfe1 {49} Be6 {
1428} 22. Bxe6 {291} fxe6 {51} 23. Nd4 {23} Qf7 {94} 24. Re3 {163} Nd5 {33} 25.
Rf3 {6} Qg6 {61} 26. Rd1 {309} c6 {21} 27. Nxc6 {358} Rc7 {619} 28. Ne7+ {15}
Rxe7 {13} 29. Rxd5 {9} Qb1+ {61} 30. Kh2 {7} Rae8 {189} 31. Rd8 {106} Kh7 {141}
32. Rxe8 {230} Rxe8 {1} 33. Qd4 {265} Qxa2 {25} 34. Qd7 {65} Rg8 {13} 35. Qxb7
{15} Qa4 {24} 36. g3 {27} Qd4 {17} 37. Qb5 {73} Kh8 {26} 38. Qb3 {44} Qxe5 {20}
39. Re3 {31} Rb8 {48} 40. Rxe5 {13} Rxb3 {4} 41. Rxe6 {18} Rxb2 {4} 42. Kg2 {6}
Ra2 {180} 43. h5 {26} Kg8 {9} 44. Re7 {7} Kf8 {4} 45. Rb7 {4} a5 {17} 46. Ra7 {
13} a4 {5} 47. g4 {45} a3 {33} 48. Kg3 {59} Ra1 {16} 49. Kf4 {54} Kg8 {80} 50.
f3 {110} a2 {70} 51. Kf5 {18} Rf1 {31} 52. Rxa2 {4} 1/2-1/2

[Event "TOP 12 Feminin Phase 1"]
[Site "PARIS, France"]
[Date "2025.05.10"]
[Round "3.2"]
[White "GADARINIAN, Caroline"]
[Black "DORNBUSCH, Tatiana"]
[Result "0-1"]
[WhiteElo "2011"]
[BlackElo "2250"]
[PlyCount "98"]
[EventDate "2025.05.??"]
[WhiteTeam "MONTPELLIER"]
[BlackTeam "MONACO"]
[WhiteTeamCountry "FRA"]
[BlackTeamCountry "FRA"]

1. d4 {6} Nf6 {182} 2. Nc3 {34} d5 3. Bf4 {9} g6 {179} 4. e3 {98} c6 {162} 5.
h4 {234} Bg7 {248} 6. h5 {215} Nxh5 {133} 7. Rxh5 {6} gxh5 {5} 8. Qxh5 {5} Nd7
{415} 9. Qh2 {293} Nf6 {47} 10. f3 {1219} Bf5 {705} 11. g4 {135} Bg6 {9} 12.
Bh3 {738} Qb6 {643} 13. O-O-O {17} O-O-O {86} 14. Be5 {585} e6 {307} 15. Nge2 {
263} Ne8 {422} 16. Bg3 {16} Bf8 {184} 17. Nf4 {586} Bd6 {632} 18. Qd2 {250} Kb8
{146} 19. Bf1 {226} Ka8 {46} 20. Bh4 {143} Rd7 {157} 21. a3 {146} Qa5 {168} 22.
e4 {71} Nc7 {202} 23. Nd3 {119} Nb5 {284} 24. Nxb5 {48} Qxd2+ {13} 25. Kxd2 {50
} cxb5 {22} 26. e5 {104} Be7 {68} 27. Bxe7 {131} Rxe7 {5} 28. Nc5 {12} a6 {35}
29. a4 {29} bxa4 {44} 30. Ra1 {26} h5 {79} 31. Rxa4 {75} hxg4 {80} 32. fxg4 {
357} Rh2+ {4} 33. Ke3 {54} Bxc2 {132} 34. b3 {40} Rh1 {137} 35. Kf2 {10} Kb8 {
157} 36. Kg2 {112} Rh8 {47} 37. Bxa6 {23} bxa6 {38} 38. Nxa6+ {29} Kb7 {141}
39. Nc5+ {6} Kb6 {24} 40. Rb4+ {16} Kc6 {13} 41. Ra4 {16} Rb8 {34} 42. Ra6+ {42
} Rb6 {13} 43. Ra2 {72} Bxb3 {22} 44. Ra8 {28} Bc2 {104} 45. Na6 Rxa6 {12} 46.
Rxa6+ {8} Kb5 {3} 47. Ra8 {24} Kc4 {11} 48. Rc8+ {8} Kd3 {3} 49. Kg3 {13} Bd1 {
18} 0-1